Progressive Metal albums - Statistics

General Stats
  • This quiz has been taken 119 times
  • The average score is 40 of 100
Answer Stats
Album Year Band % Correct
Images & Words 1992 Dream Theater
97%
Scenes from a Memory 1999 Dream Theater
97%
Awake 1994 Dream Theater
97%
A Change of Seasons 1994 Dream Theater
97%
Falling into Infinity 1997 Dream Theater
97%
Dream Theater 2013 Dream Theater
97%
Train of Thought 2003 Dream Theater
97%
Still Life 1991 Opeth
92%
Deliverence 1999 Opeth
92%
Opeth 1995 Opeth
92%
My Arms, Your Hearse 1998 Opeth
92%
Blackwater Park 2001 Opeth
92%
Morning Rise 1996 Opeth
92%
Ænima 1996 Tool
91%
Undertow 1993 Tool
91%
Lateralus 2001 Tool
91%
...And Justice for All 1988 Metallica
87%
Operation Mindcrime 1988 Queensrÿche
85%
Empire 1990 Queensrÿche
85%
The Warning 1984 Queensrÿche
85%
Queensrÿche 1983 Queensrÿche
85%
Promised Land 1993 Queensrÿche
85%
Hear in the New Frontier 1997 Queensrÿche
85%
Recreation Day 1997 Queensrÿche
85%
Queensrÿche 2013 Queensrÿche
85%
Tribe 2003 Queensrÿche
85%
The Divine Wings of Tragedy 1997 Symphony X
69%
Twilight in Olympus 1998 Symphony X
69%
Symphony X 1994 Symphony X
69%
V: The New Mythology Suite 2000 Symphony X
69%
The Odyssey 2002 Symphony X
69%
Seventh Son of a Seventh Son 1988 Iron Maiden
61%
Liquid Tension Experiment 1998 Liquid Tension Experiment
59%
Liquid Tension Experiment II 1999 Liquid Tension Experiment
59%
Destroy Erase Improve 1995 Meshuggah
44%
Nothing 2002 Meshuggah
44%
Chaosphere 1998 Meshuggah
44%
Out of the Silent Planet 1988 King's X
37%
Gretchen Goes to Nebraska 1989 King's X
37%
Faith Hope Love 1992 King's X
37%
King's X 1992 King's X
37%
Dogman 1994 King's X
37%
Tapehead 1998 King's X
37%
Manic Moonlight 2001 King's X
37%
Abigail 1987 King Diamond
34%
Them 1988 King Diamond
34%
Conspiracy 1989 King Diamond
34%
Fatal Portrait 1986 King Diamond
34%
No Exit 1988 Fates Warning
29%
Awaken the Guardian 1986 Fates Warning
29%
Perfect Symmetry 1989 Fates Warning
29%
Night on Bröcken 1984 Fates Warning
29%
The Spectre Within 1985 Fates Warning
29%
Parallel 1991 Fates Warning
29%
Darkness in a Different Light 2013 Fates Warning
29%
Disconnected 2000 Fates Warning
29%
Into the Electric Castle 1998 Ayreon
28%
Universal Migrator Part 1: The Dream Sequencer 2000 Ayreon
28%
Focus 1993 Cynic
24%
Nothingface 1989 Voivod
22%
Dimension Hatröss 1988 Voivod
22%
Angel Rat 1991 Voivod
22%
Remedy Love 2002 Pain of Salvation
20%
Unquestionable Presence 1991 Atheist
16%
Elements 1991 Atheist
16%
Transcendence 1988 Crimson Glory
13%
Crimson Glory 1986 Crimson Glory
13%
Astronomica 1999 Crimson Glory
13%
Strange & Beautiful 1991 Crimson Glory
13%
Wounded Land 1996 Threshold
12%
Critical Mass 2002 Threshold
12%
The Galactic Cowboys 1991 The Galactic Cowboys
11%
Machine Fish 1996 The Galactic Cowboys
11%
Holyland 1995 Angra
9%
Fifth Angel 1986 Fifth Angel
8%
Leatherwolf 1986 Leatherwolf
8%
A Social Grace 1989 Psychotic Waltz
8%
Bleeding 1996 Psychotic Waltz
8%
Paradox 1997 Royal Hunt
5%
Clown in the Mirror 1995 Royal Hunt
5%
The Jelly Jam 2001 The Jelly Jam
5%
Universe 2000 Planet X
4%
Moon Babies 2002 Planet X
4%
Energetic Disassembly 1996 Watchtower
4%
Control and Resistance 1989 Watchtower
4%
Songs from the Lion's Cagee 1995 Arena
3%
Immortal 2000 Arena
3%
A Blueprint of the World 1995 Enchant
3%
Legacy 2001 Shadow Gallery
3%
A Burnt Offering for the Bone Idol 1992 Skyclad
3%
Mods Carve the Pig 1993 Thought Industry
3%
Black Umbrella 1997 Thought Industry
3%
Conflict & Dreams 1998 Cairo
2%
Age of Impact 1998 Explorers Club
2%
Sense of Change 1999 Sieges Even
2%
When Pus Comes to Shove 1998 Platypus
1%
Spiritech 1997 Alchemist
0%
For Madman Only 1998 Atomic Opera
0%
Sanity Obscure 1991 Believer
0%
Liberation 2001 Ice Age
0%
No matching quizzes found
Score Distribution
Percent of People with Each Score
Percentile by Number Answered
Your Score History
You have not taken this quiz